| 000 | 00414nam a2200169Ia 4500 | ||
|---|---|---|---|
| 005 | 20250423101104.0 | ||
| 008 | 250422s9999 xx 000 0 und d | ||
| 020 | _a0-672-31019-8 | ||
| 050 | _aQA 76.76.O63 .D359/ | ||
| 100 | _aDavis, Peter | ||
| 245 | 0 | _aTeach yourself Windows NT Server 4 : in 14 days | |
| 260 | _aIndianapolis | ||
| 260 | _bSAMS Publ. | ||
| 260 | _c1997 | ||
| 300 | _a839 p | ||
| 942 | _cBK | ||
| 999 |
_c35249 _d35249 |
||